00748nam a2200205 a 4500008004100000020002200041100002900063245013300092260003400225300002000259440002800279440004700307504004100354650004400395710001700439710005900456003000100515005001700516040000900533  a1779050410 (pbk.)1 aMatsebula, Michael Sisa.14aThe urban informal sector :ba historical and structural analysis with special reference to Swaziland /cMichael Sisa Matsebula. aHarare :bSAPES Books,c1996. a94 p. ;c21 cm. 0aEconomic policy series. 0aSouthern African political economy series. aIncludes bibliographical references. 0aInformal sector (Economics)zSwaziland.2 aSAPES Trust.2 aSouthern Africa Regional Institute for Policy Studies.20230123133340.0 cNUST